| 000 | 00618nam a22002177a 4500 | ||
|---|---|---|---|
| 005 | 20180728142047.0 | ||
| 008 | 180728b xxu||||| |||| 00| 0 eng d | ||
| 020 |
_a9780230396388 _cRs.1995.00 |
||
| 040 | _aLoreto College | ||
| 041 | _aEnglish | ||
| 082 |
_a327.1(I) _bPAN |
||
| 100 | _aPant,Harsh V. | ||
| 245 |
_aContemporary debates in Indian security and foreign policy _cHarsh V.Pant |
||
| 260 |
_aNew York _bPalgrave Macmillan _c2008 |
||
| 300 |
_a223p _b22cm |
||
| 504 | _aIncludes index | ||
| 650 |
_aDiplomatic relations _zIndia |
||
| 650 |
_aNational security _zIndia |
||
| 850 | _aLCLIB | ||
| 942 | _cBK | ||
| 999 |
_c41740 _d92219 |
||